00883 2200313 4500001002100000005001500021035002500036008004100061020002200102040001700124082001500141084001700156100001000173245008000183250002600263260003900289300004600328650001500374650002400389700001000413850001200423007000300435090002100438090002200459504003300481999002200514500001100536990002200547INLIS00000000001871620200625013823 a0010-031600000000726160308s2015 yoia g 1 ind d a978-602-313-032-0 aYOPDYOGbind04223a612.12 a612.12 ANI k0 aAnies00aKolesterol & penyakit jantung koroner /cpenulis, Anies; penyunting, Andin aCetakan pertama, 20153 aYogyakarta :bAr-Ruzz Media,c2015 a214 halaman :bilustrasi, gambar ;c21 cm 4aKolesterol 4aJantung--vPenyakit0 aAndin aYOPDYOGta aDEP 612.12 ANI k aCB-D.11 2015-1493 aBibliografi: halaman 201-208 aCB-D.11/2015-1493 aIndeks aCB-D.11/2015-1493